000 02624cam a2200325 4500500
005 20260111080045.0
041 _afre
042 _adc
100 1 0 _aJacques, Tristan
_eauthor
245 0 0 _aRefus de vente interdit !
260 _c2017.
500 _a42
520 _aCet article étudie la mise en place d’une politique de concurrence en France entre 1945 et 1960, à travers l’étude de l’interdiction du refus de vente d’un fournisseur à un commerçant. À cette fin, cette recherche s’intéresse expressément à l’histoire du commerce intérieur français et à la politique de l’État pour ce secteur, car l’interdiction du refus de vente n’a pas découlé d’une politique globale de la concurrence, mais a constitué d’emblée un instrument de réforme de la distribution. En retraçant la genèse des réglementations visant à interdire le refus de vente, nous étudions le travail de l’Administration, les motivations économiques et politiques ayant justifié les textes, ainsi que le travail de lobby des commerçants, notamment d’Édouard Leclerc.
520 _aRefusal to sell is prohibited ! When competition policy servesThis article examines the implementation of competition policies in France from 1945 to 1960 through a case study of the prohibition of refusal to sell between suppliers and retailers. This research looks closely at the history of French retailing. It finds that the prohibition of refusal to sell was not the result of a comprehensive, national competition policy, rather this policy was designed solely as an instrument for reforming the retail trade. By retracing the genesis of sale refusal regulation, this article documents the work of the civil service and the economic and political motivations behind it, as well as the role played by entrepreneurs, notably Édouard Leclerc, the founder of what subsequently became a major chain of supermarkets.
690 _aÉdouard Leclerc
690 _ahistoire du commerce
690 _aJoseph Fontanet
690 _apolitique de concurrence
690 _apratiques commerciales discriminatoires
690 _arefus de vente
690 _acompetition policy
690 _adiscriminatory sale practices
690 _aÉdouard Leclerc
690 _afrench retail
690 _aJoseph Fontanet
690 _arefusal to sell
690 _aretail trade history
786 0 _nGouvernement et action publique | VOL. 5 | 4 | 2017-01-16 | p. 47-67 | 2260-0965
856 4 1 _uhttps://shs.cairn.info/revue-gouvernement-et-action-publique-2016-4-page-47?lang=fr&redirect-ssocas=7080
999 _c1615813
_d1615813